Membongkar sejarah kerajaan Melayu purba yang hilang

Main Author: Abdullah Sidek (Author)
Published: Petaling Jaya, Selangor: Hijjaz Records Publishing, 2019
Subjects:
LEADER 00897cam a2200241 7i4500
001 0000155821
005 20241209090000.0
008 241205s2019 my a ### #00001may##
020 # # |a 9789672278085  
040 # # |a UMT   |b eng   |c UMT   |d PNM   |e rda 
090 0 # |a DS 603   |b .A2 2019 
100 0 # |a Abdullah Sidek   |e author  
245 1 0 |a Membongkar sejarah kerajaan Melayu purba yang hilang   |c Abdullah Sidek. 
264 # 1 |a Petaling Jaya, Selangor:   |b Hijjaz Records Publishing,   |c 2019 
300 # # |a viii, 262 pages:   |b colour maps, colour photographs;   |c 21 cm 
336 # # |a text --   |2 rdacontent 
337 # # |a unmediated --   |2 rdamedia 
338 # # |a volume --   |2 rdacarrier 
590 # # |a Perpustakaan Sultanah Nur Zahirah 
591 # # |a Pameran Buku Ilmiah 2024 
650 # 0 |a Malay Archipelago --   |x History  
650 # 0 |a Malay Archipelago --   |x Social conditions  
999 |a 1100116873  |b Book  |c Open Shelf  |e KOLEKSI TERBUKA